00826cas a2200241u 4500999001500000001000900015003000600024005001700030008004100047010001700088040001900105050001600124082001600140245009000156260005000246300001500296310001200311630004700323700004300370906004500413942001200458952011400470 c7481d748111033756GBCCL20241126110629.0930203u xx u 0 0eng  a 52000347  aDLCcCarPdDLC00aBV1560b.R6 a268.61bROZ00aRozell's complete lessons;ccommentary on International Bible lessons uniform series. aOwensboro, Ky. [etc.]bRozell and Co.c[n.d.] av.c23 cm. aUnknown00aInternational Sunday school lessons.929191 aRozell, Ray. [from old catalog]913224 a0bcbccserpremduencipf19gy-ilsserca 2ddccBK 00102ddc4070aGBCbGBCcMNMSd2018-08-16l0o268.61 ROZp002653r2025-05-01 00:00:00tv.22w2018-08-16yBK